JavaScipt T.1 JavaScipt

Gardado en:
Detalles Bibliográficos
Autor Principal: Lê, Minh Trí
Formato: Libro
Idioma:Vietnamese
Publicado: H. Trẻ 2000
Những chủ đề:
Các nhãn: Engadir etiqueta
Sen Etiquetas, Sexa o primeiro en etiquetar este rexistro!
Thư viện lưu trữ: Mạng thư viện Đại học Đà Nẵng
LEADER 00977nam a2200337 4500
001 000012918
003 9242
005 20120305080347.0
008 120305s2000 viesd
020 |c 39000đ 
041 0 |a vie 
082 |a 005.2  |b LE-T 
100 0 |a Lê, Minh Trí 
245 1 0 |a JavaScipt  |c Lê Minh Trí  |n T.1  |p JavaScipt 
260 |a H.  |b Trẻ  |c 2000 
300 |a 425tr.  |c 21 cm 
653 |a Java 
653 |a Scipt 
653 |a tin học 
773 |t JavaScipt  |w 9241 
910 |a duyên 
OWN |a LSP 
AVA |a UDN50  |b LSP  |d 005.2 LE-T  |e available  |t Error 5001 Not defined in file expand_doc_bib_avail.  |f 4  |g 0  |h N  |i 0  |k 1 
999 |a From the UDN01 
AVA |a UDN50  |b LSP  |d 005.2 LE-T  |e available  |t Error 5001 Not defined in file expand_doc_bib_avail.  |f 4  |g 0  |h N  |i 0  |k 1 
TYP |a Monograph 
TYP |a Printed language 
980 |a Mạng thư viện Đại học Đà Nẵng